A history of Indian administration / (Record no. 134340)
[ view plain ]
| 000 -LEADER | |
|---|---|
| fixed length control field | 00727nam a22002417a 4500 |
| 005 - DATE AND TIME OF LATEST TRANSACTION | |
| control field | 20170124110224.0 |
| 010 ## - LIBRARY OF CONGRESS CONTROL NUMBER | |
| LC control number | B-059934 |
| 020 ## - INTERNATIONAL STANDARD BOOK NUMBER | |
| Terms of availability | 250.00 |
| International Standard Book Number | 9788125019275 |
| 035 ## - SYSTEM CONTROL NUMBER | |
| System control number | B-059934 |
| 037 ## - SOURCE OF ACQUISITION | |
| Source of stock number/acquisition | Cen Lib/Ret |
| 040 ## - CATALOGING SOURCE | |
| Original cataloging agency | DPL |
| Language of cataloging | EN |
| 082 ## - DEWEY DECIMAL CLASSIFICATION NUMBER | |
| Classification number | 351.000954 |
| Item number | MAH |
| 100 ## - MAIN ENTRY--PERSONAL NAME | |
| Personal name | Maheshwari, S. R. |
| 9 (RLIN) | 106873 |
| 245 ## - TITLE STATEMENT | |
| Title | A history of Indian administration / |
| Statement of responsibility, etc | by S. R. Maheshwari |
| 246 ## - VARYING FORM OF TITLE | |
| Remainder of title | |
| 260 ## - PUBLICATION, DISTRIBUTION, ETC. (IMPRINT) | |
| Name of publisher, distributor, etc | Orient Longman |
| Date of publication, distribution, etc | 2001 |
| Place of publication, distribution, etc | New Delhi |
| 270 ## - ADDRESS | |
| City | New Delhi |
| Address | 1/24 Asaf Ali Road |
| Postal code | 110002 |
| 300 ## - PHYSICAL DESCRIPTION | |
| Extent | xvi,400p. |
| Dimensions | 22cm(pbk) |
| 500 ## - GENERAL NOTE | |
| General note | Includes index |
| 650 ## - SUBJECT ADDED ENTRY--TOPICAL TERM | |
| Topical term or geographic name as entry element | Indian administration |
| 9 (RLIN) | 106874 |
| 650 ## - SUBJECT ADDED ENTRY--TOPICAL TERM | |
| Topical term or geographic name as entry element | Indian administration -- History |
| 9 (RLIN) | 40476 |
| 942 ## - ADDED ENTRY ELEMENTS (KOHA) | |
| Source of classification or shelving scheme | Dewey Decimal Classification |
| Koha item type | English Books |
| Classification part | 351.000954 |
| Call number suffix | MAH |
| Withdrawn status | Lost status | Damaged status | Not for loan | Collection code | Home library | Current library | Date acquired | Source of acquisition | Cost, normal purchase price | Total Checkouts | Full call number | Barcode | Date last seen | Copy number | Cost, replacement price | Price effective from | Koha item type | Source of classification or shelving scheme |
|---|---|---|---|---|---|---|---|---|---|---|---|---|---|---|---|---|---|---|
| Not For Loan | Reference | Central Library | Central Library | 29/07/2015 | Cen Lib/Ret | 250.00 | 351.000954 MAH | B-059934 | 29/07/2015 | 1 | 250.00 | 29/07/2015 | English Books | |||||
| Central Library | Central Library | 28/11/2016 | Cen Lib/Ret | 250.00 | 351.000954 MAH | B-059933 | 28/11/2016 | 2 | 250.00 | 28/11/2016 | English Books | Dewey Decimal Classification |
